Cricket: Most Individual Career IPL Runs - Statistics

General Stats
  • This quiz has been taken 112 times
    86 since last reset
  • The average score is 15 of 20
Answer Stats
Country Teams Runs Average S/R Answer % Correct
IND RCB 7263 37.24 130.02 Virat Kohli
100%
IND DC, MI 6211 29.57 130.04 Rohit Sharma
99%
IND CSK, RPS 5082 38.79 135.91 MS Dhoni
97%
AUS DD, SRH 6397 41.53 139.91 David Warner
96%
SA DD, RCB 5162 39.70 151.68 AB de Villiers
95%
WI KXIP, KKR, RCB 4965 39.72 148.96 Chris Gayle
92%
IND CSK, GL 5528 32.51 136.73 Suresh Raina
91%
WI MI 3412 28.67 147.32 Kieron Pollard
84%
IND DC, PBKS, MI, SRH 6617 35.38 127.17 Shikhar Dhawan
78%
IND DD, KKR 4217 31.23 123.88 Gautam Gambhir
70%
IND KXIP, PBKS, RCB, SRH 4163 46.77 134.42 KL Rahul
69%
SA CSK, RCB 4133 36.90 134.14 Faf du Plessis
66%
AUS CSK, RR, RCB 3874 30.99 137.91 Shane Watson
65%
IND CSK, MI 4348 28.23 127.54 Ambati Rayudu
64%
IND KKR, MI, PWI, RR, RCB, CSK 4952 27.51 130.35 Robin Uthappa
59%
IND DD, GL, KXIP, KKR, MI, RCB 4516 26.64 132.70 Dinesh Karthik
57%
IND DD, KKR, RR 3888 29.23 137.19 Sanju Samson
55%
IND MI, KKR 3249 31.85 143.31 Suryakumar Yadav
55%
IND KKR, MI, PWI, RCB, SRH 3808 29.06 120.96 Manish Pandey
50%
IND DC, MI, RR, RPS, KKR 4400 30.98 123.42 Ajinkya Rahane
49%
No matching quizzes found
Score Distribution
Percent of People with Each Score
Percentile by Number Answered
Your Score History
You have not taken this quiz since the last reset